000 00391nam a22001577a 4500
003 SGT
020 _a978-0-7020-5176-0
082 _a616.0757
_bC14D
100 _aDAVIES, STEPHEN
245 _aCHAPMAN & NARIELNY'S AIDS TO RADIOLOGICAL DIFFERENTIAL DIAGNOSIS
250 _a6TH
260 _aEDINBURGH
_bSAUNDERS PUB
_c2014
300 _a521
650 _aRADIOLOGY
942 _2ddc
_cBK
999 _c18703
_d18703